000
00341nam a22001457a 4500
008
230613b ||||| |||| 00| 0 eng d
020
_a
9781558102583
041
_a
eng
080
_2
2010
_a
610.73
082
_a
610.73FOW
100
_a
8
101
_a
INF
245
_a
GUIDE TO TH CODE OF ETHICS FOR NURSES
_c
FOWLER.D.M
942
_2
udc
_c
BK
999
_c
59951
_d
59951